00680nam a22001577a 4500003000900000008004100009040007100050082001900121100003100140245005000171260004600221300002800267505016900295650003000464650002800494AR-CdUCM190313b ||||| |||| 00| 0 spa d aMUNICIPALIDAD PROVINCIAL DEL CUSCOcBIBLIOTECA MUNICIPAL DEL CUSCO a324.285 /bC95 aCuentas Zavala, J. Alberto aNo pasarán : bAlberto Cuentas y el APRA /  aPuno : bTipografía L. Camacho, c1947. a62 páginas ; c19 cm. aContenido: Como decía ayer: en carta abierta al presidente de la junta de Gobiernos David Samanez Ocampo de fecha de setiembre de 1931, publicada en boletines ... aAlberto Cuentas - Aprismo aPartido Aprista peruano